000
00292nam a2200121Ia 4500
008
190216s9999||||xx |||||||||||||| ||und||
100
_a
Narayana P S&Amp; Rao P Ck
245
0
_a
Marketing Management
260
_b
Surjeet Pubs.Delhi
_c
1993
300
_a
245p
650
_a
Commerce
942
_c
BK
999
_c
5997
_d
5997